000
00328nam a2200145Ia 4500
003
OSt
008
191201s2006 xx 000 0 und d
082
_a
621.89
_b
SAE
100
_a
SAHOO, Prasanta
245
0
_a
Engineering Tribology
260
_a
New Delhi
_b
PHI
_c
2006
300
_a
322
650
_a
B.Tech(ME)
942
_2
ddc
_c
BK
999
_c
6115
_d
6115